Contribution a la collection des varietes des concombers a la station experimentale de l'university royaled d' agriculture, (Record no. 1490)
[ view plain ]
| 000 -LEADER | |
|---|---|
| fixed length control field | 00447nam a22001457a 4500 |
| 003 - CONTROL NUMBER IDENTIFIER | |
| control field | OSt |
| 005 - DATE AND TIME OF LATEST TRANSACTION | |
| control field | 20150929172346.0 |
| 008 - FIXED-LENGTH DATA ELEMENTS--GENERAL INFORMATION | |
| fixed length control field | 150929b xxu||||| |||| 00| 0 eng d |
| 040 ## - CATALOGING SOURCE | |
| Transcribing agency | RUA |
| 082 ## - DEWEY DECIMAL CLASSIFICATION NUMBER | |
| Classification number | AGR CHA 2002 B061 Or.1 |
| 100 ## - MAIN ENTRY--PERSONAL NAME | |
| 9 (RLIN) | 1579 |
| Personal name | CHAY SEAKHY |
| 245 ## - TITLE STATEMENT | |
| Title | Contribution a la collection des varietes des concombers a la station experimentale de l'university royaled d' agriculture, |
| 300 ## - PHYSICAL DESCRIPTION | |
| Extent | 44p. |
| Other physical details | ill. |
| Dimensions | 29cm. |
| 942 ## - ADDED ENTRY ELEMENTS (KOHA) | |
| Source of classification or shelving scheme | |
| Koha item type | AGR |
| Price effective from | Date last seen | Permanent Location | Not for loan | Date acquired | Source of classification or shelving scheme | Koha item type | Barcode | Lost status | Damaged status | Shelving location | Withdrawn status | Current Location | Full call number |
|---|---|---|---|---|---|---|---|---|---|---|---|---|---|
| 2015-09-29 | 2015-09-29 | Library Block B | 2015-09-29 | AGR | RUA008165 | B061 | Library Block B | AGR CHA 2002 B061 Or.1 | |||||
| 2015-09-29 | 2015-09-29 | Library Block B | 2015-09-29 | AGR | RUA008093 | B061 | Library Block B | AGR CHA 2002 B061 Or.2 | |||||
| 2015-09-29 | 2015-09-29 | Library Block B | 2015-09-29 | AGR | RUA008096 | B061 | Library Block B | AGR CHA 2002 B061 Or.3 | |||||
| 2015-09-29 | 2015-09-29 | Library Block B | 2015-09-29 | AGR | RUA008312 | B061 | Library Block B | AGR CHA 2002 B061 Or.4 | |||||
| 2015-09-29 | 2015-09-29 | Library Block B | 2015-09-29 | AGR | RUA008240 | B061 | Library Block B | AGR CHA 2002 B061 Or.5 | |||||
| 2015-09-29 | 2015-09-29 | Library Block B | 2015-09-29 | AGR | RUA(08279 | B061 | Library Block B | AGR CHA 2002 B061 Or.6 | |||||
| 2016-07-15 | 2016-07-15 | Library Block B | 2016-07-15 | AGR | RUA060311 | Library Block B | AGR CHA 2002 B061 Or.7 |